Legítima defensa y violencia de género. Una mirada desde la perspectiva de la mujer maltratada

La violencia de género implica la necesidad de interpretar los requisitos de la legítima defensa a la luz de los efectos que produce en la mujer. Una interpretación que se olvide de tomar en consideración la dinámica y funcionamiento de este tipo de violencia, estaría desprotegiendo a...

Descripción completa

Guardado en:  
Detalles Bibliográficos
Autor principal: García Amez, Javier (Autor)
Tipo de documento: Electrónico Artículo
Lenguaje:Español
Publicado: 2025
En: Eguzkilore
Año: 2025, Volumen: 12, Páginas: 1-64
Acceso en línea: Volltext (kostenfrei)
Verificar disponibilidad: HBZ Gateway
Palabras clave:

MARC

LEADER 00000caa a22000002c 4500
001 1946015865
003 DE-627
005 20251217145901.0
007 cr uuu---uuuuu
008 251213s2025 xx |||||o 00| ||spa c
035 |a (DE-627)1946015865 
035 |a (DE-599)KXP1946015865 
040 |a DE-627  |b ger  |c DE-627  |e rda 
041 |a spa 
084 |a 2,1  |2 ssgn 
100 1 |a García Amez, Javier  |e VerfasserIn  |4 aut 
109 |a García Amez, Javier  |a Amez, Javier García 
245 1 0 |a Legítima defensa y violencia de género. Una mirada desde la perspectiva de la mujer maltratada 
264 1 |c 2025 
336 |a Text  |b txt  |2 rdacontent 
337 |a Computermedien  |b c  |2 rdamedia 
338 |a Online-Ressource  |b cr  |2 rdacarrier 
520 |a La violencia de género implica la necesidad de interpretar los requisitos de la legítima defensa a la luz de los efectos que produce en la mujer. Una interpretación que se olvide de tomar en consideración la dinámica y funcionamiento de este tipo de violencia, estaría desprotegiendo a la mujer, y beneficiando al agresor. El constante clima de violencia, junto con la experiencia aprendida a consecuencia de ello, supone que la mujer es consciente y conocedora de los momentos en los que va a ser maltratada de nuevo por el hombre, de tal manera que en aquellos casos en los que agrede o mata al maltratador, lo hace tras percibir una amenaza. Para ello recurre al único medio disponible a su alcance, que, si es analizado sin considerar el contexto en el que la reacción de la mujer se lleva a cabo, conduce a una aplicación errónea de los requisitos de la legítima defensa, y por ello la criminalización de la conducta de la mujer. En este trabajo, tomando en consideración la experiencia de los Estados Unidos, pretende abordar el estudio del artículo 20.4ª del Código Penal español, a las situaciones en las cuales la mujer mata o agrede a su pareja tras una situación de maltrato previo. 
520 |a Domestic violence requires an interpretation of the self-defense requirements in accordance with its effects on women. An approach that ignores the characteristics and dynamics of this type of violence would result in women being unprotected and the abuserbeing favored. The permanent climate climate of violence, along with the acquired experience as a consequence of it, supposes women are being aware and have knowledge about the moments when the man will abuse her again. In those cases where she attacks or kills the abuser, the woman will do it because she perceives there is a threat. For this purpose, she will use the only available way available to her. If it is analyzed in isolation of the context where the woman's response occurs, it will lead to misapplication of the self-defense requirements and, as a result, the criminalization of the woman's conduct. In this paper, based on the United States' experience, the aim is to examine Article 20.4a of the Spanish Criminal Code in cases where the woman has killed or assaulted her intimate partner after a previous situation of battering. 
650 4 |a Violencia de género 
650 4 |a Legítima defensa 
650 4 |a Síndrome de la mujer maltratada 
650 4 |a Control Coercitivo 
650 4 |a Agresión 
650 4 |a Domestic violence 
650 4 |a Self-defense 
650 4 |a Battered woman syndrome 
650 4 |a Coercive Control 
650 4 |a Assault 
773 0 8 |i Enthalten in  |t Eguzkilore  |d San Sebastián : Inst., 1976  |g 12(2025), Seite 1-64  |h Online-Ressource  |w (DE-627)831875356  |w (DE-600)2827956-6  |w (DE-576)435354132  |7 nnas 
773 1 8 |g volume:12  |g year:2025  |g pages:1-64 
856 4 0 |u https://ojs.ehu.eus/index.php/eguzkilore/article/view/28114  |x Verlag  |z kostenfrei  |3 Volltext  |7 0 
935 |a mkri 
951 |a AR 
ELC |a 1 
LOK |0 000 xxxxxcx a22 zn 4500 
LOK |0 001 4827227772 
LOK |0 003 DE-627 
LOK |0 004 1946015865 
LOK |0 005 20251216093514 
LOK |0 008 251213||||||||||||||||ger||||||| 
LOK |0 035   |a (DE-2619)KrimDok#2025-12-12#5CEE9CEFB25FBEF0ECCE90F9F9044EC03174E184 
LOK |0 040   |a DE-2619  |c DE-627  |d DE-2619 
LOK |0 092   |o n 
LOK |0 852   |a DE-2619 
LOK |0 852 1  |9 00 
LOK |0 866   |x zotak: Ergänzt 4070, da in zota-Einspielung nicht vorhanden 
LOK |0 935   |a zota 
LOK |0 939   |a 13-12-25  |b l01 
OAS |a 1 
ORI |a SA-MARC-krimdoka001.raw